| 000 | 01144nam a2200229Ia 4500 | ||
|---|---|---|---|
| 999 |
_c52940 _d52940 |
||
| 001 | 19970 | ||
| 003 | GE_BSU | ||
| 005 | 20200523000747.0 | ||
| 008 | 181216s2002||||ge |||||||||||||| ||geo|| | ||
| 020 | _a99928-58-48-6; 99928-58-55-9 (III ტომი) | ||
| 040 | _cGE_BSU | ||
| 080 | _a81'374.822=353.32=353.1 | ||
| 100 |
_aქაჯაია, ოთარ _98161 |
||
| 245 |
_aმეგრულ-ქართული ლექსიკონი ტ. 3 : (ტ - ჰ) = Megrelian-Georgian dictionary / _cოთარ ქაჯაია ; სარედ. საბჭ. ც. ბარბაქაძე და სხვ. ; ტომის რედ. ზ. სარჯველაძე. |
||
| 264 |
_aთბილისი : _bნეკერი, _c2002. |
||
| 300 |
_a660 გვ. ; _c29 სმ. |
||
| 490 | _aქართველოლოგიური ბიბლიოთეკა | ||
| 541 | _h50ლ. | ||
| 653 | _aმეგრულ-ქართული ლექსიკონი ტ. 3 : (ტ - ჰ) | ||
| 700 |
_aსარჯველაძე, ზ. _eტომის რედაქტორი _97542 |
||
| 942 |
_cBK _2udc |
||